00301nam a2200121Ia 4500008004100000041000800041082001500049100001500064245002500079260003700104300003100141365000700172240624s9999 xx 000 0 und d aeng a336.24 BIY aBIYANI B M aINCOME TAX AND C S T c1995aJodhpurbThe Excel Academy axix, : 464 : p. : cm. ; 28 cRS